Industrial Control Electronics : Devices, Systems, and Applications /

Contenido: Revisión de control industrial; El controlador; Motores eléctricos; Manejadores de variaciones de velocidad; Control de procesos e instrumentación; Sensores de detección; Controladores programables; Control de movimiento.

Guardado en:
Bibliografiske detaljer
Hovedforfatter: Bartelt, Terry L.M (autor)
Format: Bog
Sprog:engelsk
Udgivet: Albany, EUA : Delmar, 2002, c2002
Udgivelse:2a edición
Fag:
Tags: Tilføj Tag
Ingen Tags, Vær først til at tagge denne postø!

MARC

LEADER 00000nam^a2200000^a^4500
001 000153930
005 20250521000000.0
009 20260310100336.773
020 |a 0-7668-1974-4 
037 |a Acervo ITESO - Biblioteca 
041 |a ING 
082 |a 629. 89  |b BAR 
100 |a Bartelt, Terry L.M.  |e (autor) 
245 1 0 |a Industrial Control Electronics :  |b Devices, Systems, and Applications /  |c T.L.M. Bartelt. 
250 |a 2a edición 
264 4 |a Albany, EUA :  |b Delmar,  |c 2002, c2002 
300 |a XIV, 626 p. 
336 |a texto  |b txt  |2 rdacontenido 
337 |a sin mediación  |b n  |2 rdamedio 
338 |a volumen  |b nc  |2 rdasoporte 
520 |a Contenido: Revisión de control industrial; El controlador; Motores eléctricos; Manejadores de variaciones de velocidad; Control de procesos e instrumentación; Sensores de detección; Controladores programables; Control de movimiento. 
649 |a XX 
650 |a Sensores 
650 |a Servomecanismos 
650 |a Motores Eléctricos 
650 |a Controladores Programables 
650 |a Control Automático 
650 |a Control Electrónico -  |x Tema Principal 
650 |a Electrónica Industrial -  |x Tema Principal 
650 |a Ingeniería Electrónica 
650 |a Ingeniería Industrial 
910 |a Fondo General 
920 |a Impresos - Libros 
930 |a Colección General 
905 |a 101 
901 |a 0500082347  |b IT1  |c ACC  |u 20250521 
901 |a 0500100520  |b IT1  |c ACC  |u 20250521 
902 |a https://opac.biblio.iteso.mx/vufind/Record/000153930